000 00503nam a2200193Ia 4500
003 GCL
008 140319s9999 xx 000 0 eng d
040 _aGCL /
_cGCL
082 0 4 _a153.85
_bH A
100 1 _aHOLLAND, JAMES G
245 1 0 _aTHE ANALYSIS OF BEHAVIOR /
_cHOLLAND, JAMES G
700 1 _aSKINNER, B.F
260 _a[S.N] :
_bMC GRAW - HILL ،
_c1961
650 0 4 _aBEHAVIORAL ANALYSIS
650 0 4 _aEMOTIONS
650 0 4 _aBEHAVIOR OPERATION
650 0 4 _aDEPRIVATION
942 _2ddc
_cBK
999 _c14165
_d14165